| 000 | 00441nam a2200157Ia 4500 | ||
|---|---|---|---|
| 008 | 241206s9999||||xx |||||||||||||| ||und|| | ||
| 020 |
_a9780071434935 _c66 |
||
| 040 |
_beng _cSSK Library _erda |
||
| 082 | _a621.381/GIB | ||
| 100 | _a Stan Gibilisco - | ||
| 245 | 0 | _aElectronics Demystified:A Self-Teaching Guide | |
| 260 |
_b Mcgraw Hill _c©2005 |
||
| 942 |
_2Dewey Decimal Classification _cBOOK _nNo |
||
| 999 |
_c16818 _d16818 |
||
| 003 | OSt | ||
| 005 | 20241206223256.0 | ||